000 01175nam a2200325Ia 4500
001 Z_7074
003 CHAP
005 20220912171542.0
008 220113s2018 xx 000 0 und d
010 _a170347
040 _cCHAP
090 _aTesis C47 2642
100 _aCerecedo Martínez, Joaquín
_9135566
245 _aRespuesta productiva de pollos de engorda en iniciación alimentados con una dieta de 20% de proteína y suplementados con o sin proteasa /
_h[En línea]
_cJoaquín Cerecedo Martínez
260 _aMéxico :
_bEl autor,
_c2018
300 _ap.
502 _aTesis
_b(Ingeniero Agrónomo Especialista en Zootecnia) --
_cUACh. Departamento de Zootecnia,
_d2018
650 _aDesempeño productivo
_9144516
650 _aPollo de engorda
_9143271
650 _aProteasa
_9146690
700 _aGonzález Céron, Fernando, director
_9146692
700 _a Pro Martínez, Arturo, asesor
_9144173
700 _a Tepox Pérez, María de los Angeles, asesor
_9146691
856 4 2 _uhttp://10.13.5.2/tesis/sist115338.pdf
_yDescargar PDF
901 _aTESIS C47 2642
902 _aA
910 _a2018
942 _c2
_2ddc
942 _c2
_2ddc
999 _c170347
_d170347